00361nam a2200145Ia 45000030006000000080041000060400015000471000020000622450076000822500006001582600016001643000006001805460012001860050017001980STCL150530s9999 xx 000 0 und d aSTCLcSTCL aRoss Sheldon M, aIntroduction to Probability and Statistics for Engineers and Scientists a3 c2004aNoida a0 aEnglish20220125170039.0